000 00369 a2200169 4500
001 186375
020 _a85-08-07097-7
040 _cMagnum
100 _aFurnari, Eva
240 1 0 _aO segredo do violinista
_lpor
245 1 0 _aO segredo do violinista
300 _a101
362 0 _a1998
440 1 _aÁtica
697 _aLITERATURA INFANTO-JUVENIL
942 _cBK
999 _c186375
_d186375